[Event "FRA-chT2C 0506"]
[Site "France"]
[Date "2006.02.05"]
[Round "7.6"]
[White "Scandella, Thierry"]
[Black "Bollengier, Thierry"]
[Result "1/2-1/2"]
[WhiteElo "2095"]
[BlackElo "2109"]
[PlyCount "68"]
[EventDate "2005.10.27"]
[EventType "team-tourn"]
[EventRounds "11"]
[EventCountry "FRA"]
[SourceTitle "EXT 2006"]
[Source "ChessBase"]
[SourceDate "2005.11.24"]
[SourceVersion "1"]
[SourceVersionDate "2005.11.24"]
[SourceQuality "1"]
[BlackTeam "Lodeve Saint Affrique"]
[BlackTeamCountry "FRA"]

1. d4 Nf6 2. Nf3 e6 3. Bg5 Be7 4. c4 d5 5. Nc3 Nbd7 6. Qc2 0-0 7. cxd5 exd5 8. e3 b6 9. Bd3 Bb7 10. Ne5 h6 11. Nxd7 Nxd7 12. Bf4 c5 13. 0-0 Nf6 14. Rac1 c4 15. Be2 Bd6 16. Bxd6 Qxd6 17. Bf3 Rac8 18. b3 Qd7 19. Qb2 Rfe8 20. Qa3 Bc6 21. Qb4 b5 22. a4 bxa4 23. bxc4 dxc4 24. Bxc6 Qxc6 25. Qxa4 Qxa4 26. Nxa4 a5 27. Nc5 Ne4 28. Nxe4 Rxe4 29. Ra1 f5 30. Rxa5 f4 31. Rc1 fxe3 32. fxe3 Rxe3 33. Rc5 Rd8 34. R5xc4 Rd3 1/2-1/2

[Event "Saint Affrique op 14th"]
[Site "Saint Affrique"]
[Date "2006.??.??"]
[Round "2"]
[White "Scandella, Thierry"]
[Black "Velikov, Petar"]
[Result "0-1"]
[WhiteElo "2060"]
[BlackElo "2465"]
[PlyCount "128"]
[EventDate "2006.07.21"]
[EventType "swiss"]
[EventRounds "9"]
[EventCountry "FRA"]
[SourceTitle "CBM 113 Extra"]
[Source "ChessBase"]
[SourceDate "2006.09.14"]
[SourceVersion "1"]
[SourceVersionDate "2006.09.14"]
[SourceQuality "1"]

1. d4 d6 2. Nf3 Bg4 3. c3 Nf6 4. Qb3 Qc8 5. h3 Bxf3 6. exf3 e6 7. Be2 Be7 8. 0-0 0-0 9. Nd2 Nbd7 10. Ne4 Ne8 11. Bf4 d5 12. Nd2 c5 13. dxc5 Nxc5 14. Qc2 a6 15. Nb3 Na4 16. Bd3 Nf6 17. Be5 g6 18. Rac1 b5 19. Qd2 Nd7 20. Bg3 Qd8 21. Rc2 Rc8 22. f4 Bf6 23. Be2 Qb6 24. Rfc1 Rfd8 25. Qe3 Bg7 26. Qxb6 Ndxb6 27. Nd4 Rd7 28. Nf3 Rb7 29. Ne5 Nc4 30. b3 Nxe5 31. fxe5 Nc5 32. f3 Bh6 33. Rd1 Be3+ 34. Kf1 Rbc7 35. c4 Nd7 36. Rc3 Ba7 37. Rcd3 bxc4 38. bxc4 Rxc4 39. Ra3 Rc1 40. Rxa6 Bd4 41. f4 Be3 42. Ke1 h6 43. Ra3 d4 44. Rxc1 Rxc1+ 45. Bd1 Nc5 46. Ke2 Ne4 47. Rxe3 dxe3 48. Be1 Nc3+ 49. Bxc3 Rxc3 50. a4 g5 51. g3 Ra3 52. h4 gxh4 53. gxh4 Kf8 54. a5 Ke7 55. Kf3 Kd7 56. Be2 Kc6 57. Ke4 Rxa5 58. Kxe3 Kd5 59. Bf3+ Kc4 60. Bh5 f5 61. Bf7 Kd5 62. Kf3 Ra7 63. Bg6 Ra3+ 64. Kg2 Ke4 0-1

[Event "FRA-chT2 0405"]
[Site "France"]
[Date "2005.02.06"]
[Round "7.5"]
[White "Scandella, Thierry"]
[Black "Smyrek, Ingo"]
[Result "1-0"]
[WhiteElo "2190"]
[BlackElo "2032"]
[PlyCount "41"]
[EventDate "2004.10.10"]
[EventType "team-tourn"]
[EventRounds "11"]
[EventCountry "FRA"]
[SourceTitle "EXT 2006"]
[Source "ChessBase"]
[SourceDate "2005.11.24"]
[SourceVersion "1"]
[SourceVersionDate "2005.11.24"]
[SourceQuality "1"]

1. d4 f5 2. Nc3 Nf6 3. Bg5 e6 4. e4 fxe4 5. Nxe4 Be7 6. Bxf6 Bxf6 7. Nf3 Nc6 8. Nxf6+ Qxf6 9. Bd3 d6 10. 0-0 0-0 11. c3 Bd7 12. Qe2 Rae8 13. Qe4 Qh6 14. Qe3 Qh5 15. Qg5 Qf7 16. Rae1 Kh8 17. Re3 e5 18. dxe5 Qxa2 19. Qh5 Qg8 20. Nh4 Ne7 21. exd6 1-0

[Event "Aurec Cup"]
[Site "Aurec"]
[Date "2002.06.16"]
[Round "5"]
[White "Denisart, Anthony"]
[Black "Scandella, Thierry"]
[Result "0-1"]
[WhiteElo "2099"]
[BlackElo "2100"]
[PlyCount "84"]
[EventDate "2002.06.??"]
[EventType "team-tourn"]
[EventRounds "5"]
[EventCountry "FRA"]
[SourceTitle "EXT 2004"]
[Source "ChessBase"]
[SourceDate "2003.11.25"]
[SourceVersion "1"]
[SourceVersionDate "2003.11.25"]
[SourceQuality "1"]

1. d4 Nf6 2. Nf3 b6 3. e3 Bb7 4. Bd3 e6 5. c3 c5 6. Nbd2 Be7 7. 0-0 0-0 8. a3 d5 9. Re1 Ne4 10. Ne5 f6 11. Nef3 Nd7 12. Bb5 Nd6 13. Bd3 Ne4 14. Bb5 a6 15. Bxd7 Qxd7 16. Nxe4 dxe4 17. Nd2 b5 18. f3 exf3 19. Nxf3 Qc7 20. e4 Rfd8 21. b4 cxd4 22. cxd4 a5 23. bxa5 Rxa5 24. Bb2 Rda8 25. Rc1 Qb6 26. Kh1 Bxa3 27. Bxa3 Rxa3 28. d5 Rd8 29. Qe2 exd5 30. exd5 Bxd5 31. Qe7 Qd6 32. Rc7 Qxe7 33. Rexe7 Ra1+ 34. Ng1 g5 35. h3 b4 36. Kh2 Ra2 37. Ne2 b3 38. Rcd7 Rxd7 39. Rxd7 Be4 40. Nc3 Rxg2+ 41. Kh1 Rc2+ 42. Kg1 Rxc3 0-1

[Event "Aurec Cup"]
[Site "Aurec"]
[Date "2002.06.15"]
[Round "1"]
[White "Scandella, Thierry"]
[Black "Parnet, Arnaud"]
[Result "1-0"]
[WhiteElo "2100"]
[BlackElo "1910"]
[PlyCount "59"]
[EventDate "2002.06.??"]
[EventType "team-tourn"]
[EventRounds "5"]
[EventCountry "FRA"]
[SourceTitle "EXT 2004"]
[Source "ChessBase"]
[SourceDate "2003.11.25"]
[SourceVersion "1"]
[SourceVersionDate "2003.11.25"]
[SourceQuality "1"]

1. d4 Nf6 2. c4 e6 3. Nc3 Bb4 4. e3 c5 5. Nge2 0-0 6. a3 cxd4 7. axb4 dxc3 8. Nxc3 Nc6 9. b5 Ne7 10. Be2 d5 11. b3 b6 12. 0-0 Bb7 13. Qc2 Qc7 14. Ra4 Rfd8 15. Qa2 Nf5 16. Nd1 Nd6 17. Bb2 Nd7 18. Nc3 Nc5 19. Ra3 dxc4 20. bxc4 a5 21. bxa6 Nxa6 22. Nb5 Nxb5 23. cxb5 Nc5 24. Qc4 Rxa3 25. Bxa3 Bd5 26. Qc3 Qb7 27. f3 Qc7 28. Rc1 Rc8 29. e4 Bb7 30. Qe3 1-0